000 01263nam a2200385 a 4500
003 CHAP
005 20240522090317.0
008 060411d2005 it r 10100 eng d
010 _a92038
011 _a93010
020 _a9251052727
035 _a103579
040 _cCHAP
082 0 4 _a338.19
_bF62 2004
111 2 _aFAO/WHO Global Forum of Food Safety Regulators
_n(2:
_d2004:
_cBangkok, Thailand)
_939739
245 1 0 _aBuilding effective food sfety systems :
_bproceedings
_c/por FAO/OMS
260 _aRome :
_bFAO,
_c2005.
300 _a230 p.
_b+ 1 disco compacto 4 3/4 plgs.
590 _aBATCH-UPD
_b10
_c20130110
590 _aBATCH-UPD
_b10
_c20130110
590 _aBATCH-UPD
_b10
_c20130410
590 _aBATCH-UPD
_b10
_c20130914
590 _aBATCH-UPD
_b10
_c20191029
590 _aCONVERSION
_b10
_c20130109
650 0 4 _aAlimentos
_xAbastecimiento
_xCongresos.
_94124
650 0 4 _aAlimentos
_xCalidad.
650 0 4 _aInocuidad alimentaria.
_958836
710 0 _aFAO.
710 0 _aOrganización Mundial de la Salud.
_983555
901 _aBK
905 _aLilia
942 _cCD
_2ddc
949 _a338.19 F62 2004
_bBC
_cFAO
_d33724000984936
_eFAO1
_h107938
_i103579
_sb
949 _a338.19 F62 2004
_bBC
_cFAO
_d33724002025934
_eCD
_fCD
_i103579
_sb
999 _c92038
_d92038